000 00312nam a2200145Ia 4500
008 210210b1960 xxu||||| |||| 00| 0 eng d
041 _aeng
082 _a330/122
100 _aDOBB (Maurice)
245 _aWages
260 _aCambridge
_b-
_c1960
650 _aWages
690 _aEconomics
906 _a003525
999 _c119253
_d119253